Vplyv vybraných retenčných systémov na plnenie papiera uhličitanom vápenatým

Saved in:
Bibliographic Details
Main Author: Bednár, František (Author)
Format: Manuscript Book
Language:Slovak
Published: Bratislava : STU v Bratislave ChtF, 2000
Edition:Obháj.: 7.12.2000
Tags: Add Tag
No Tags, Be the first to tag this record!

MARC

LEADER 00000ntm a22000003a 4500
001 stu61170
005 20150617225650.9
008 010911s2000----xo------------------slo-d
040 |a STU  |b slo 
041 0 |a slo 
044 |a xo 
080 |a 537.36(043.3) 
100 1 |a Bednár, František  |4 aut 
245 1 |a Vplyv vybraných retenčných systémov na plnenie papiera uhličitanom vápenatým 
250 |a Obháj.: 7.12.2000 
260 |a Bratislava :  |b STU v Bratislave ChtF,  |c 2000 
300 |a 110 s. Tab.,grafy,lit 
500 |a Katedra chemickej technológie dreva, celulózy a papiera 
996 |b 284C019639  |c C*KD450  |l CCI  |s A  |a 24  |w stu61170_0001